[Event "Titled Tuesday intern op 28th Apr"]
[Site "Chess.com INT"]
[Date "2020.04.28"]
[Round "1"]
[White "Csonka, Balazs"]
[Black "Da Silva, Sediney Mari Jr"]
[Result "1-0"]
[WhiteElo "2498"]
[BlackElo "2086"]
[PlyCount "123"]
[EventDate "2020.04.28"]
[EventType "swiss (blitz)"]
[EventRounds "10"]
[EventCountry "USA"]
[SourceTitle "EXT 2021"]
[Source "ChessBase"]
[SourceDate "2020.10.23"]
[SourceVersion "1"]
[SourceVersionDate "2020.10.23"]
[SourceQuality "1"]

1. e4 e6 2. d4 d5 3. Nc3 Bb4 4. Nge2 dxe4 5. a3 Bxc3+ 6. Nxc3 Nf6 7. Bg5 0-0 8. Nxe4 Nbd7 9. Bd3 h6 10. Bh4 b6 11. Qf3 Rb8 12. 0-0-0 Bb7 13. Rhe1 Bxe4 14. Bxe4 g5 15. Bg3 Nxe4 16. Qxe4 Nf6 17. Qe5 Ne8 18. h4 gxh4 19. Bf4 Qf6 20. Rh1 h5 21. Qxf6 Nxf6 22. Rxh4 Rbc8 23. Rd3 Kh7 24. Be5 Ng4 25. Rg3 Kg6 26. f3 Kg5 27. Rh1 f6 28. fxg4 fxe5 29. gxh5+ Kh6 30. Rg6+ Kh7 31. dxe5 Rf5 32. Rxe6 Rcf8 33. Re7+ R8f7 34. Rxf7+ Rxf7 35. g4 Re7 36. g5 Rxe5 37. g6+ Kh6 38. b3 Kg7 39. Kb2 Re8 40. a4 Kh6 41. Kc3 Re4 42. Rh2 Rg4 43. Kb2 c5 44. c3 a6 45. Ka3 b5 46. axb5 axb5 47. Kb2 Rg3 48. Kc2 Rf3 49. Re2 Kxh5 50. Re5+ Kxg6 51. Rxc5 b4 52. cxb4 Kf6 53. Rd5 Ke6 54. Rd1 Rf4 55. Kc3 Rf3+ 56. Kb2 Ke5 57. Ka3 Rf8 58. b5 Ra8+ 59. Kb4 Rb8 60. Kc5 Rc8+ 61. Kb6 Rd8 62. Rxd8 1-0

[Event "Titled Tuesday intern op 28th Apr"]
[Site "Chess.com INT"]
[Date "2020.04.28"]
[Round "2"]
[White "Da Silva, Sediney Mari Jr"]
[Black "Gunduz, Umut Erdem"]
[Result "0-1"]
[WhiteElo "2086"]
[BlackElo "2137"]
[PlyCount "46"]
[EventDate "2020.04.28"]
[EventType "swiss (blitz)"]
[EventRounds "10"]
[EventCountry "USA"]
[SourceTitle "EXT 2021"]
[Source "ChessBase"]
[SourceDate "2020.10.23"]
[SourceVersion "1"]
[SourceVersionDate "2020.10.23"]
[SourceQuality "1"]

1. e4 c6 2. d4 Na6 3. Nc3 Nc7 4. f4 d5 5. e5 g6 6. Nf3 Bg7 7. Bd3 Bg4 8. 0-0 Nh6 9. Ne2 0-0 10. h3 Bxf3 11. Rxf3 f6 12. f5 fxe5 13. dxe5 Nxf5 14. Bxf5 Rxf5 15. Rxf5 gxf5 16. Bf4 Ne6 17. Bg3 Qb6+ 18. Kh2 Rf8 19. c3 f4 20. Bh4 Bxe5 21. Bxe7 f3+ 22. Ng3 Bxg3+ 23. Kxg3 Qc7+ 0-1

[Event "Titled Tuesday intern op 28th Apr"]
[Site "Chess.com INT"]
[Date "2020.04.28"]
[Round "8"]
[White "Da Silva, Sediney Mari Jr"]
[Black "Smith, Tommy"]
[Result "1/2-1/2"]
[WhiteElo "2086"]
[BlackElo "2270"]
[PlyCount "131"]
[EventDate "2020.04.28"]
[EventType "swiss (blitz)"]
[EventRounds "10"]
[EventCountry "USA"]
[SourceTitle "EXT 2021"]
[Source "ChessBase"]
[SourceDate "2020.10.23"]
[SourceVersion "1"]
[SourceVersionDate "2020.10.23"]
[SourceQuality "1"]

1. e4 e6 2. Nf3 d5 3. e5 c5 4. b4 b6 5. bxc5 bxc5 6. d4 Nc6 7. c3 Qb6 8. Bd3 Ba6 9. 0-0 Bxd3 10. Qxd3 Nge7 11. Bg5 Nf5 12. g4 c4 13. Qd1 Nfe7 14. Nbd2 h6 15. Bh4 Ng6 16. Bg3 Qa5 17. Qc2 Ba3 18. Rab1 0-0 19. h4 Rab8 20. h5 Nge7 21. Nh4 Rxb1 22. Rxb1 Rb8 23. Rxb8+ Nxb8 24. f4 Qb6 25. f5 Qb2 26. Qxb2 Bxb2 27. Nb1 Nec6 28. fxe6 fxe6 29. Ng6 Na6 30. Bh4 Kf7 31. Kf2 Nc7 32. Ke2 Nb5 33. Be1 Ncxd4+ 34. cxd4 Nxd4+ 35. Kf2 Nc6 36. Bc3 Bc1 37. Bd2 Bxd2 38. Nxd2 c3 39. Nb3 a5 40. Ke2 a4 41. Nc1 d4 42. Kd3 Ke8 43. Kc4 Kd7 44. Kc5 Kc7 45. a3 Kd7 46. Nd3 c2 47. Nc1 Kc7 48. Nd3 Na5 49. Kxd4 Nb3+ 50. Kc4 c1Q+ 51. Nxc1 Nxc1 52. Kb4 Nd3+ 53. Kxa4 Nf2 54. Nf8 Nxg4 55. Nxe6+ Kb6 56. Nxg7 Nxe5 57. Nf5 Nf7 58. Kb4 Ka6 59. a4 Kb6 60. a5+ Ka6 61. Ka4 Kb7 62. Kb5 Ka7 63. a6 Kb8 64. Kb6 Ka8 65. a7 Nd6 66. Nxd6 1/2-1/2

[Event "BRA-ch U25"]
[Site "Sao Paulo"]
[Date "2012.02.21"]
[Round "6"]
[White "Rigonati, Eduardo Santana"]
[Black "Da Silva, Sediney Mari Jr"]
[Result "1/2-1/2"]
[WhiteElo "1784"]
[BlackElo "1962"]
[PlyCount "165"]
[EventDate "2012.02.18"]
[EventType "swiss"]
[EventRounds "7"]
[EventCountry "BRA"]
[SourceTitle "CBM 147 Extra"]
[Source "ChessBase"]
[SourceDate "2012.04.24"]
[SourceVersion "1"]
[SourceVersionDate "2012.04.24"]
[SourceQuality "1"]

1. e4 e6 2. d4 d5 3. Nd2 c5 4. Ne2 Nc6 5. dxc5 Bxc5 6. Nb3 Bb6 7. exd5 exd5 8. Ned4 Nf6 9. Be2 0-0 10. 0-0 Ne4 11. Be3 Qf6 12. Bf3 Ne5 13. Qe2 Bd7 14. Rfd1 Rfe8 15. Bxe4 dxe4 16. h3 Rad8 17. Nd2 Qg6 18. Kh1 Bxd4 19. Bxd4 Bxh3 20. Qxe4 Bxg2+ 21. Qxg2 Qh5+ 22. Qh2 Qxh2+ 23. Kxh2 Rxd4 24. Nb3 Re4 25. Nc5 Re2 26. Kg3 b6 27. Nd7 Nxd7 28. Rxd7 Rxc2 29. Rxa7 Rxb2 30. a4 g6 31. a5 bxa5 32. R1xa5 Ree2 33. f3 Rb6 34. Ra4 Rf6 35. f4 Rf5 36. Ra2 Re3+ 37. Kg2 h5 38. Rc2 Kg7 39. Rf2 Rc5 40. Ra6 Rcc3 41. f5 Rg3+ 42. Kf1 Rgf3 43. f6+ Kh6 44. Ra7 Rxf2+ 45. Kxf2 Rc6 46. Rxf7 Kg5 47. Kg3 Rxf6 48. Ra7 Rf5 49. Ra4 Rb5 50. Rc4 Rb3+ 51. Kg2 h4 52. Ra4 Kh5 53. Rc4 g5 54. Rc5 h3+ 55. Kh2 Kh4 56. Rc8 Rb2+ 57. Kg1 g4 58. Rc4 Rg2+ 59. Kh1 Rf2 60. Kg1 Rf3 61. Kh2 Re3 62. Rb4 Re2+ 63. Kg1 Kg3 64. Rb3+ Kf4 65. Rb4+ Kf3 66. Rb3+ Re3 67. Rb1 g3 68. Rf1+ Ke2 69. Rf8 Re4 70. Rf7 Ke3 71. Rf8 Rf4 72. Re8+ Kf3 73. Rg8 h2+ 74. Kh1 Rg4 75. Rf8+ Rf4 76. Rg8 Rg4 77. Rf8+ Ke3 78. Re8+ Kf4 79. Rf8+ Ke5 80. Kg2 Rh4 81. Rf1 h1Q+ 82. Rxh1 Rxh1 83. Kxh1 1/2-1/2

[Event "BRA-ch U25"]
[Site "Sao Paulo"]
[Date "2012.02.18"]
[Round "2"]
[White "Bueno, Alfeu Varela Jr"]
[Black "Da Silva, Sediney Mari Jr"]
[Result "1-0"]
[WhiteElo "2305"]
[BlackElo "1962"]
[PlyCount "145"]
[EventDate "2012.02.18"]
[EventType "swiss"]
[EventRounds "7"]
[EventCountry "BRA"]
[SourceTitle "CBM 147 Extra"]
[Source "ChessBase"]
[SourceDate "2012.04.24"]
[SourceVersion "1"]
[SourceVersionDate "2012.04.24"]
[SourceQuality "1"]

1. e4 e6 2. d4 d5 3. Nd2 dxe4 4. Nxe4 Nd7 5. Bd3 Ngf6 6. Qe2 c5 7. Nxf6+ Nxf6 8. dxc5 Bxc5 9. Nf3 Qc7 10. Bg5 Be7 11. 0-0-0 a6 12. Ne5 Nd5 13. Bxe7 Qxe7 14. Bc4 Nb6 15. Rd4 Nxc4 16. Nxc4 0-0 17. Qh5 b5 18. Nb6 Rb8 19. Nxc8 Rbxc8 20. Rhd1 Rc5 21. Qe2 Rfc8 22. Kb1 h6 23. R1d2 Qc7 24. f4 Rc4 25. Qe4 Rxd4 26. Qxd4 Qc6 27. b3 a5 28. a3 Qc5 29. Qxc5 Rxc5 30. Rd8+ Kh7 31. Ra8 g5 32. fxg5 b4 33. axb4 axb4 34. gxh6 Kxh6 35. Rh8+ Kg7 36. Rb8 Rg5 37. g3 Rg4 38. Rc8 Rg5 39. Kc1 Rf5 40. Rc4 Rb5 41. Kd2 f5 42. Ke3 Kf6 43. h4 Rb8 44. Kf3 Rb7 45. g4 fxg4+ 46. Kxg4 Rg7+ 47. Kf3 Rb7 48. Ke4 Rb5 49. Kd3 Rf5 50. h5 Kg5 51. h6 Kxh6 52. Rc6 Re5 53. Rb6 Kg5 54. Rxb4 Rc5 55. Re4 Kf5 56. c4 Rc8 57. b4 Rd8+ 58. Rd4 Ra8 59. c5 e5 60. Rd5 Kf4 61. Rd7 e4+ 62. Kd4 Re8 63. Rf7+ Kg3 64. Rf1 e3 65. c6 e2 66. Re1 Kf2 67. Rxe2+ Kxe2 68. b5 Rc8 69. Kc5 Kd3 70. b6 Ke4 71. b7 Rb8 72. Kb6 Rf8 73. c7 1-0

[Event "BRA-ch U25"]
[Site "Sao Paulo"]
[Date "2012.02.18"]
[Round "1"]
[White "Da Silva, Sediney Mari Jr"]
[Black "Klausener, Patrick Hideo Irita"]
[Result "1-0"]
[WhiteElo "1962"]
[BlackElo "1702"]
[PlyCount "87"]
[EventDate "2012.02.18"]
[EventType "swiss"]
[EventRounds "7"]
[EventCountry "BRA"]
[SourceTitle "CBM 147 Extra"]
[Source "ChessBase"]
[SourceDate "2012.04.24"]
[SourceVersion "1"]
[SourceVersionDate "2012.04.24"]
[SourceQuality "1"]

1. e4 e5 2. Nf3 Nc6 3. Bb5 a6 4. Ba4 Nf6 5. 0-0 b5 6. Bb3 Bc5 7. d3 0-0 8. c3 d6 9. h3 h6 10. Re1 Bb7 11. Nbd2 Re8 12. Nf1 Bb6 13. Be3 Bxe3 14. Nxe3 Na5 15. Bc2 c5 16. Nf5 Nc6 17. Nh2 Qd7 18. Ng4 Qe6 19. Re3 c4 20. Rg3 Kh7 21. Nxf6+ Qxf6 22. Rxg7+ Kh8 23. Qh5 Rg8 24. Rxf7 Qg6 25. Qxg6 Rxg6 26. Rxb7 Rag8 27. g3 cxd3 28. Bxd3 a5 29. Rb6 d5 30. exd5 Ne7 31. Nxe7 Rxb6 32. Nxg8 Kxg8 33. Re1 b4 34. c4 b3 35. a3 Rd6 36. c5 Rxd5 37. Bc4 Kg7 38. Bxd5 Kf6 39. c6 Ke7 40. c7 Kd7 41. Rc1 Kd6 42. c8Q Kxd5 43. Qc6+ Kd4 44. Rd1# 1-0

[Event "BRA-ch Amateur"]
[Site "Sao Paulo"]
[Date "2011.03.08"]
[Round "7"]
[White "Da Silva, Sediney Mari Jr"]
[Black "Gotz, Klaus Seiji Furucho"]
[Result "1/2-1/2"]
[WhiteElo "1972"]
[BlackElo "1641"]
[PlyCount "87"]
[EventDate "2011.03.05"]
[EventType "swiss"]
[EventRounds "7"]
[EventCountry "BRA"]
[SourceTitle "EXT 2014"]
[Source "ChessBase"]
[SourceDate "2013.11.20"]
[SourceVersion "1"]
[SourceVersionDate "2013.11.20"]
[SourceQuality "1"]

1. e4 c5 2. Nf3 a6 3. c3 g6 4. d4 cxd4 5. cxd4 d5 6. exd5 Nf6 7. Nc3 Nxd5 8. Bc4 Nb6 9. Bb3 Bg7 10. 0-0 0-0 11. Ne5 N8d7 12. Bf4 Nf6 13. Qf3 e6 14. Rfd1 Nfd5 15. Bg3 h5 16. h3 Nxc3 17. bxc3 Qf6 18. Qe4 Rd8 19. Rd3 Qe7 20. Rf3 Rf8 21. Rd1 Nd7 22. Nxg6 fxg6 23. Bxe6+ Kh8 24. Qxg6 Nf6 25. Bb3 Bd7 26. Re3 Be8 27. Rxe7 Bxg6 28. Rxb7 Ne4 29. Rc7 Nxg3 30. fxg3 Rac8 31. Rxc8 Rxc8 32. c4 Rd8 33. d5 Bf8 34. Re1 Bc5+ 35. Kh2 Re8 36. Rxe8+ Bxe8 37. h4 Kg7 38. g4 hxg4 39. Kg3 Bd7 40. Bd1 Bd6+ 41. Kf2 g3+ 42. Kf3 Kf6 43. c5 Bxc5 44. Kxg3 1/2-1/2